000 00484nam a2200181Ia 4500
005 20250508152850.0
008 008 250505s9999 xx 000 0 eng d
037 _aBooks to be hide in OPAC
040 _aFEDL
_beng
_cFEDL
041 _aeng
_2eng
084 _aF, TAG
_qFEDL
100 _aTagore Rabindranath
245 0 _aHome and the world
260 _aLondon, UK
_bMacmillan and Co. Limited
300 _a280p.
942 _cHB
_hF, TAG
999 _c1339275
_d1339275